000 00260nam a22000977a 4500
008 240219b |||||||| |||| 00| 0 eng d
082 _aC DERV Ej.1
100 1 0 _aDerouen, Jean-Marc
_eautor
_943436
245 _a¡Voy a comedte! /
_cJean-Marc Derouen
942 _2ddc
999 _c30609
_d16993